000 01478nam a2200421 4500
001 20351
003 VRT
005 20260121133918.0
008 230714s2023 xo a br 000 1 slo
015 _aSNBA2023/08
020 _a9788055657929
_q(viazané)
039 9 _a202308021442
_bmsnk116
040 _aSNK
_bslo
_cSNK
_erda
041 0 _aslo
044 _axo
_cSK
072 7 _a821.162.4-3
_xSlovenská próza
_2konspekt
072 7 _a821-93
_xLiteratúra pre deti a mládež (beletria)
_2konspekt
080 _a821.162.4-32
_22011
080 _a82-93-053.4/.5
_22011
100 1 _aPonická, Hana,
_d1922-2007
_4aut
245 1 0 _aO Štoplíkovi, kde bol a čo robil, kým do školy nechodi
_cHana Ponická ; ilustrovala Božena Plocháňová
264 1 _aBratislava
_bSlovart
_c2023
300 _a137 strán
_bfarebné ilustrácie
_c24 cm
336 _atext
_btxt
_2rdacontent
336 _astatický obraz
_bsti
_2rdacontent
337 _abez média
_bn
_2rdamedia
338 _azväzok
_bnc
_2rdacarrier
521 8 _aPre deti od 5 rokov
655 7 _aslovenské príbehy
_2SNKPH
655 7 _aliteratúra pre deti
_2SNKPH
655 7 _aSlovak stories
_2SNKPHeng
655 7 _aChildren's literature
_2SNKPHeng
700 1 _aPlocháňová, Božena,
_d1929-2020
_4ill
942 _2ddc
_cKLDE
_n0
949 _617A1530461
_asnkSC 202945
_bsnk2023/10849
_o817/23
949 _617A1530462
_asnkSC 202945 D1
_bsnk2023/10850
_o817/23
999 _c20351
_d20351